000 00373nam a2200169Ia 4500
100 _aZill/Dennis G
650 _aVisual Basic
250 _a3
942 _cBK
366 _f20
245 _aProgramming and problem solving with VB.NET
260 _bNarosa Publication House
_c2003
082 _a005.133/DAL
_bDAL
300 _a685
546 _aENGLISH
999 _c30748
_d30748